La resistencia / (Record no. 6471)

000 -CABECERA
fixed length control field 00926nam a22002297a 4500
003 - IDENTIFICADOR DEL NÚMERO DE CONTROL
control field AR-CdUCM
008 - DATOS DE LONGITUD FIJA--INFORMACIÓN GENERAL
fixed length control field 190318b ||||| |||| 00| 0 spa d
020 ## - NÚMERO INTERNACIONAL ESTÁNDAR DEL LIBRO
ISBN 84-02-06783-2
040 ## - FUENTE DE LA CATALOGACIÓN
Agencia/entidad que catalogó originalmente la obra MUNICIPALIDAD PROVINCIAL DEL CUSCO
Entidad que transcribió la catalogación BIBLIOTECA MUNICIPAL DEL CUSCO
082 ## - NÚMERO DE LA CLASIFICACIÓN DECIMAL DEWEY
No. de Clasificación 940.53 /
Notacion interna Z67
100 ## - ENTRADA PRINCIPAL--NOMBRE DE PERSONA
Nombre Personal Zentner, Kurt
245 ## - MENCIÓN DE TÍTULO
Título La resistencia /
260 ## - PUBLICACIÓN, DISTRIBUCIÓN, ETC.
Lugar de publicación, distribución, etc. Barcelona :
Nombre de la editorial, distribuidor, etc. Bruguera,
Fecha de publicación, distribución, etc. 1980.
300 ## - DESCRIPCIÓN FÍSICA
Nº de Páginas Extensión 3.t.
Dimensiones 27 cm
440 ## - MENCIÓN DE SERIE/PUNTO DE ACCESO ADICIONAL--TÍTULO
Título Grandes guerras de nuestro tiempo
9 (RLIN) 18322
505 ## - NOTA DE CONTENIDO CON FORMATO
Nota de contenido formateada Contenido :t.1. Resistencia en Alemania desde 1933 a 1945 -- Resistencia en Alemania -- Resistencia en el norte -- Resistencia en el oeste -- Resistencia en los balcanes y en Italia -- t.2. Resistencia en el oeste -- t.3. Resistencia en el oeste.
650 ## - PUNTO DE ACCESO ADICIONAL DE MATERIA--TÉRMINO DE MATERIA
Descriptor Movimiento anti-nazi
9 (RLIN) 18334
650 ## - PUNTO DE ACCESO ADICIONAL DE MATERIA--TÉRMINO DE MATERIA
Descriptor Guerra Mundial, 1939-1945
9 (RLIN) 18335
650 ## - PUNTO DE ACCESO ADICIONAL DE MATERIA--TÉRMINO DE MATERIA
Descriptor Movimientos clandestinos
9 (RLIN) 18336
942 ## - ELEMENTOS DE PUNTO DE ACCESO ADICIONAL (KOHA)
Fuente de clasificación
Tipo de item Libros-BMC
945 ## - PROCESAMIENTO DE INFORMACIÓN LOCAL (OCLC)
Catalogador rum

No items available.

Powered by Koha